Fragoletta ossia Napoli e Parigi nel 1799 /
I tiakina i:
| Kaituhi matua: | |
|---|---|
| Ētahi atu kaituhi: | , |
| Hōputu: | Pukapuka |
| Reo: | Itāriana |
| I whakaputaina: |
Roma :
Salerno,
stampa 1989
|
| Rangatū: | Omikron ;
33 |
| Ngā Tūtohu: |
Kāore He Tūtohu, Me noho koe te mea tuatahi ki te tūtohu i tēnei pūkete!
|
MARC
| LEADER | 00000nam a22000007i 4500 | ||
|---|---|---|---|
| 001 | IT\ICCU\CFI\0185676 | ||
| 003 | ItRI | ||
| 005 | 20260115231942.0 | ||
| 008 | 920510s1989 it |||||| ||||| |||||c | ||
| 020 | |a 8884020271 | ||
| 040 | |b ita |c importazione bologna sebina | ||
| 041 | 7 | |a ita |2 ISO-639-2 | |
| 082 | |a 843.7 |9 NARRATIVA FRANCESE. 1815-1848 |2 12 | ||
| 100 | 1 | |a Latouche, Henri : de |0 IT\ICCU\CFIV\108442 |4 aut | |
| 245 | 1 | 0 | |a Fragoletta ossia Napoli e Parigi nel 1799 / |c Henri de Latouche ; a cura di Davide Frisoli e Claudio Lucarini. |
| 246 | 1 | 3 | |a Fragoletta. |9 IT\ICCU\LO1\0343004 |
| 246 | 1 | 3 | |a Napoli e Parigi nel 1799 |9 IT\ICCU\NAP\0212131 |
| 260 | |a Roma : |b Salerno, |c stampa 1989 | ||
| 300 | |a 387 p. ; |c 21 cm. | ||
| 500 | |a Tit. alternativo |0 IT\ICCU\NAP\0212131 | ||
| 500 | |a Tit. del dorso e della cop |0 IT\ICCU\LO1\0343004 | ||
| 700 | 1 | |a Frisoli, Davide |0 IT\ICCU\CFIV\106276 | |
| 700 | 1 | |a Lucarini, Claudio |0 IT\ICCU\CFIV\108931 | |
| 790 | 1 | |a Thabaud de Latouche, Hyacinthe |3 IT\ICCU\NAPV\078543 |z Latouche, Henri : de | |
| 830 | 0 | |a Omikron ; |v 33 |0 IT\ICCU\CFI\0000677 | |
| 942 | |2 ddc |c BK |n 0 | ||
| 952 | |0 0 |1 0 |4 0 |6 DOC_843_700000000000000_DEL |7 0 |9 17680 |a BO |b BO |d 2026-01-15 |i 5525 |l 0 |o DOC 843.7 DEL |p BO5525 |r 2026-01-15 23:19:42 |w 2026-01-15 |x [Sebina 5] [1 v.] |y BK |z 1 v. | ||
| 999 | |c 15057 |d 15057 | ||